| 000 | 00534nam a22001937a 4500 | ||
|---|---|---|---|
| 003 | CEME | ||
| 005 | 20210628205059.0 | ||
| 008 | 210224b xxu||||| |||| 00| 0 eng d | ||
| 020 | _a1-56032-046-X | ||
| 040 | _c. | ||
| 082 | _a532.05 TAN'E | ||
| 100 |
_aTannehill, John C Pletcher, Richard H Anderson, Dole A _973779 |
||
| 245 | _aComputational fluid mechanics and heat transfer | ||
| 250 | _a2ND | ||
| 260 |
_bTAYLER FRANCIS _c1997 |
||
| 300 | _a792P | ||
| 650 |
_aHEAT TRANSMISSION FLUID MECHANICS _973780 |
||
| 942 |
_cBK _2ddc |
||
| 999 |
_c579426 _d579426 |
||